书目信息 |
| 题名: |
生物分离技术
|
|
| 作者: | 谭天伟 编著 | |
| 分册: | ||
| 出版信息: | 北京 化学工业出版社 2007.08 |
|
| 页数: | 268页 | |
| 开本: | 26cm | |
| 丛书名: | ||
| 单 册: | ||
| 中图分类: | Q503 | |
| 科图分类: | ||
| 主题词: | 生物分解--sheng wu fen jie--高等学校--教材 | |
| 电子资源: | ||
| ISBN: | 978-7-5025-9607-1 | |
| 000 | 00860nam0 2200253 450 | |
| 001 | 012008515776 | |
| 005 | 20080117173931.10 | |
| 010 | @a978-7-5025-9607-1@dCNY29.80 | |
| 100 | @a20080117d2007 em y0chiy0120 ea | |
| 101 | 0 | @achi |
| 102 | @aCN@b110000 | |
| 105 | @aak a 000yy | |
| 106 | @ar | |
| 200 | 1 | @a生物分离技术@Asheng wu fen li ji shu@f谭天伟编著@Ftan tian wei bian zhu |
| 210 | @a北京@c化学工业出版社@d2007.08 | |
| 215 | @a268页@c图@d26cm | |
| 300 | @a普通高等教育“十一五”国家级规划教材 | |
| 320 | @a有书目 (第267-268页) | |
| 330 | @a本书围绕生物分离工程的基本内容、基本理论和基本技术,从概念、原理和方法上阐述了生物分离工程的基本面貌和发展情况。 | |
| 606 | 0 | @a生物分解@Asheng wu fen jie@x高等学校@j教材 |
| 690 | @aQ503@v4 | |
| 701 | 0 | @a谭天伟@Atan tian wei@4编著 |
| 801 | 0 | @aCN@bQSSK@c20080117 |
| 905 | @b279333-35@dQ503@eT127@f3 | |
| 生物分离技术/谭天伟编著.-北京:化学工业出版社,2007.08 |
| 268页:图;26cm |
| 普通高等教育“十一五”国家级规划教材 |
| ISBN 978-7-5025-9607-1:CNY29.80 |
| 本书围绕生物分离工程的基本内容、基本理论和基本技术,从概念、原理和方法上阐述了生物分离工程的基本面貌和发展情况。 |
| ● |
| 相关链接 |
|
|
|
正题名:生物分离技术
索取号:Q503/T127
 
预约/预借
| 序号 | 登录号 | 条形码 | 馆藏地/架位号 | 状态 | 备注 |
| 1 | 279333 | 202793334 | 自科库401/401自科库 29排3列2层/ [索取号:Q503/T127] | 在馆 | |
| 2 | 279334 | 202793343 | 自科库401/401自科库 29排3列2层/ [索取号:Q503/T127] | 在馆 | |
| 3 | 279335 | 202793352 | 自科库401/401自科库 29排3列2层/ [索取号:Q503/T127] | 在馆 |